01162nas a2200325 4500001001300000003000900013005001700022007000300039008003400042040005400076041000900130072001300139100001300152100001700165100001800182100002300200100002200223245013800245650001200383650002500395650001900420650002700439650002300466773009000489856003400579909004000613942001800653999001900671952014600690BR2010003785BR-BrBNA20231205114622.0ta230509b bl.|||p| |||| 00| 00por d aBR-BrBNAbporcBiblioteca Nacional de Agricultura a(Pt) aF04; F011 aLoss, A.1 aMoraes, A.G.1 aPereira, M.G.1 aSilva, E.M.R.R. da1 aAnjos, L.H.C. dos1 aCarbono, matéria orgânica leve e frações oxidáveis do carbono orgânico sob diferentes sistemas de produção orgânica aCARBONO aMATÉRIA ORGÂNICA aPLANTIO DIRETO aAGRICULTURA ORGÂNICA aADUBAÇÃO VERDE0 tComunicata Scientiae (Brazil)xISSN 2177-5133g(2010), v. 1(1) p. 57-64wBR201000378540dLink DSPACE/MAPA BR2010003785 a202311bLúciac55dLúcia Elande 2AGRISn0cANA c209597d209597 002AGRIS4071a41918b41918cPeriódicos Agrícolash(2010), v. 1(1) p. 57-64l0r2023-11-29t01yCRePortaria Interministerial nº 164/94